UITU Library & LRC     

Core python: applications programming (Record no. 17543)

MARC details
000 -LEADER
fixed length control field 00515nam a2200181Ia 4500
008 - FIXED-LENGTH DATA ELEMENTS--GENERAL INFORMATION
fixed length control field 240925s9999 xx 000 0 und d
020 ## - INTERNATIONAL STANDARD BOOK NUMBER
International Standard Book Number 9789332555365
082 ## - DEWEY DECIMAL CLASSIFICATION NUMBER
Classification number 005.117 CHU
100 ## - MAIN ENTRY--PERSONAL NAME
Personal name Chun, Wesley J.
245 #0 - TITLE STATEMENT
Title Core python: applications programming
250 ## - EDITION STATEMENT
Edition statement 3rd
260 ## - PUBLICATION, DISTRIBUTION, ETC.
Place of publication, distribution, etc. United States:
Name of publisher, distributor, etc. Pearson Education Inc
Date of publication, distribution, etc. ,2016.
300 ## - PHYSICAL DESCRIPTION
Extent 474p.
Other physical details 0
Type of unit Original
500 ## - GENERAL NOTE
General note Includes Index
600 ## - SUBJECT ADDED ENTRY--PERSONAL NAME
Personal name Computer Science
650 ## - SUBJECT ADDED ENTRY--TOPICAL TERM
Topical term or geographic name entry element Computer science, information & general works
942 ## - ADDED ENTRY ELEMENTS (KOHA)
Koha item type Books
Holdings
Withdrawn status Lost status Damaged status Not for loan Collection Home library Current library Date acquired Source of acquisition Cost, normal purchase price Total checkouts Full call number Barcode Date last seen Price effective from Koha item type
        Computer Science UITU Library UITU Library 09/24/2019 H & S Enterprises 1978.00   005.117 CHU Q15044 09/25/2024   Books

Powered by Koha